000 00445nam a2200181Ia 4500
001 43362
008 140425s9999 xx 000 0 und d
020 _aNA
040 _cPK-LaUMT
082 _aRHC 301.095491
_bAKB-P
100 _aAkbar S. Ahmad
245 _aPakistani moaashrah (Urdu)
_cAkbar S. Ahmad
260 _aKarachi,Pakistan:
_bRoyal Book Company,
_c1988
300 _a411 p.
546 _aUR
650 _aPakistan
942 _cBK
999 _c41372
_d41372